[Event "OLNO 1920 SSC Graal-Müritz - SG Lok Bra"]
[Site "?"]
[Date "2019.12.08"]
[Round "4.4"]
[White "Moritz, Hartmut"]
[Black "Urban, Hans-Rainer"]
[Result "1-0"]
[WhiteElo "2082"]
[BlackElo "2048"]
[PlyCount "127"]
[EventDate "2019.??.??"]

1. e4 c5 2. c3 Nf6 3. e5 Nd5 4. d4 cxd4 5. Nf3 e6 6. cxd4 Nc6 7. Nc3 Nxc3 8.
bxc3 d6 9. exd6 Bxd6 10. Bd3 h6 11. O-O Bd7 12. Qe2 Qa5 13. Rb1 Nd8 14. c4 Qh5
15. Qe4 f5 16. Qh4 Qxh4 17. Nxh4 g5 18. Nf3 b6 19. Re1 Kf7 20. d5 exd5 21. cxd5
Nb7 22. Bb2 Rhe8 23. Ne5+ Bxe5 24. Bxe5 Nc5 25. Bc4 Rac8 26. f3 Ne4 27. Ba6 Rc2
28. Bd4 Rxa2 29. Ra1 Rxa1 30. Rxa1 Nd6 31. Bd3 Bb5 32. Rxa7+ Re7 33. Rxe7+ Kxe7
34. Bc2 Bc4 35. Bxb6 Bxd5 36. Bc5 Be6 37. Kf2 Bc8 38. Ke3 Kd7 39. Ba4+ Ke6 40.
Bb3+ Kd7 41. Kd4 Nb5+ 42. Ke5 Ke8 43. Kf6 Nc3 44. Bb4 Nb5 45. Bf7+ Kd8 46. Ba5+
Nc7 47. Kg6 g4 48. f4 Kd7 49. Kxf5 Kd6+ 50. Kg6 Nb5 51. Bb4+ Kc7 52. Kxh6 Nd4
53. Bd5 Nf5+ 54. Kg5 Ne3 55. Be4 Nf1 56. f5 Nxh2 57. Be1 Kd8 58. Bg3 Nf1 59.
Bf4 Ba6 60. Kxg4 Ke7 61. Kg5 Bc4 62. g4 Kf7 63. Kh6 Kg8 64. g5 1-0

[Event "OLNO 1920 SSC Graal-Müritz - SG Lok Bra"]
[Site "?"]
[Date "2019.12.08"]
[Round "4.6"]
[White "Schulz, Wolf-Detlef"]
[Black "Rettig, Maik"]
[Result "0-1"]
[WhiteElo "1839"]
[BlackElo "2029"]
[PlyCount "113"]
[EventDate "2019.??.??"]

1. e4 e5 2. Bc4 Bc5 3. c3 Qe7 4. b4 Bb6 5. a4 a5 6. Ba3 d6 7. Nf3 Be6 8. Qb3
Bxc4 9. Qxc4 Nc6 10. b5 Nd8 11. O-O Nf6 12. d3 O-O 13. Nbd2 Nd7 14. d4 Kh8 15.
Rfe1 f6 16. Nh4 g6 17. Qd3 Ne6 18. Ndf3 Nf4 19. Qd2 Qg7 20. g3 Ne6 21. Rad1 Rf7
22. Qa2 Re8 23. Qd5 Nd8 24. Qa2 h6 25. Bc1 Kh7 26. Qc2 Ne6 27. Be3 Ng5 28. Kg2
Rfe7 29. dxe5 Nxf3 30. Nxf3 fxe5 31. Nd2 Bxe3 32. Rxe3 b6 33. Nb3 Rf8 34. Nd2
Nc5 35. Nf3 Ref7 36. Rf1 Rf6 37. Ne1 Qf7 38. f3 Qc4 39. g4 R6f7 40. h4 Nxa4 41.
Rf2 Qxb5 42. Nd3 Nc5 43. Nc1 Qc4 44. Ne2 Ne6 45. Ng3 Nf4+ 46. Kh2 h5 47. gxh5
Nxh5 48. Nxh5 gxh5 49. Rg2 Rg8 50. Rxg8 Kxg8 51. Re1 Rg7 52. Qe2 Qf7 53. Qf2
Qf4+ 54. Kh3 Kf7 55. Rf1 Ke7 56. c4 Qf7 57. c5 0-1

[Event "OLNO 1920 SSC Graal-Müritz - SG Lok Bra"]
[Site "?"]
[Date "2019.12.08"]
[Round "4.7"]
[White "Schulz, Norbert"]
[Black "Jeske, Holger"]
[Result "1-0"]
[WhiteElo "2075"]
[BlackElo "1885"]
[PlyCount "33"]
[EventDate "2019.??.??"]

1. d4 f5 2. Nc3 d5 3. Bg5 c6 4. Qd2 Nf6 5. f3 Nbd7 6. O-O-O h6 7. Bh4 g5 8. Bf2
e6 9. Qd3 b5 10. e4 b4 11. exf5 e5 12. dxe5 bxc3 13. Qxc3 Nxe5 14. Qxe5+ Kf7
15. g4 Bg7 16. Qe3 Nd7 17. Qe6+ 1-0

[Event "OLNO 1920 SF Berlin III - SV Empor Berl"]
[Site "?"]
[Date "2019.12.08"]
[Round "4.1"]
[White "Volke, Karsten"]
[Black "Modler, Andreas"]
[Result "1-0"]
[WhiteElo "2448"]
[BlackElo "2229"]
[PlyCount "88"]
[EventDate "2019.??.??"]

1. d4 d5 2. c4 e6 3. Nc3 Nf6 4. Bg5 Be7 5. Nf3 Nbd7 6. e3 h6 7. Bh4 O-O 8. a3
c5 9. cxd5 Nxd5 10. Bxe7 Nxe7 11. dxc5 Nxc5 12. Be2 Qb6 13. b4 Rd8 14. Qc2 Na6
15. Na4 Qc7 16. Qb2 Bd7 17. Rc1 Qb8 18. Nc3 Nc7 19. O-O Ncd5 20. Ne4 Be8 21.
Rfd1 Ng6 22. Ng3 Nb6 23. Nh5 Rxd1+ 24. Bxd1 e5 25. Bb3 Qd6 26. Qb1 Kh8 27. Rd1
Qe7 28. Ng3 Nh4 29. Nxh4 Qxh4 30. Nf5 Qg5 31. Nd6 f6 32. Nxe8 Rxe8 33. Qe4 f5
34. Qxb7 f4 35. Qe4 fxe3 36. fxe3 Rd8 37. Rxd8+ Qxd8 38. Bc2 Qg8 39. Qxe5 Nd7
40. Qd4 Nf6 41. h3 Qa2 42. Qc3 Qd5 43. Qc8+ Ng8 44. Qf5 Qxf5 1-0

[Event "OLNO 1920 SF Berlin III - SV Empor Berl"]
[Site "?"]
[Date "2019.12.08"]
[Round "4.2"]
[White "Nogly, Christoph"]
[Black "Thinius, Marco"]
[Result "1/2-1/2"]
[WhiteElo "2259"]
[BlackElo "2407"]
[PlyCount "106"]
[EventDate "2019.??.??"]

1. d4 Nf6 2. Nf3 g6 3. g3 b6 4. Bg2 Bb7 5. O-O Bg7 6. c4 O-O 7. d5 Na6 8. Nc3
Nc5 9. Re1 a5 10. e4 d6 11. e5 Ng4 12. Bf4 Ba6 13. exd6 exd6 14. h3 Nf6 15. b3
Qd7 16. Nd4 Rfe8 17. Qd2 Rxe1+ 18. Rxe1 Re8 19. Rxe8+ Qxe8 20. Qe3 Kf8 21. Bh6
Qxe3 22. Bxg7+ Kxg7 23. fxe3 Bc8 24. e4 Bd7 25. Kf2 Nd3+ 26. Ke3 Ne5 27. Bf1
Kf8 28. g4 h6 29. Be2 Ke7 30. a3 Ne8 31. Kf4 Kf6 32. b4 axb4 33. axb4 g5+ 34.
Kg3 Ng6 35. Nf3 Ke7 36. Bf1 Nf6 37. Kf2 Be8 38. Ke3 Bd7 39. Kd4 Be8 40. e5 Nd7
41. exd6+ cxd6 42. Ne4 Nf6 43. Ng3 Bd7 44. c5 bxc5+ 45. bxc5 dxc5+ 46. Kxc5 Nf4
47. d6+ Ke8 48. Nd4 h5 49. gxh5 N4xh5 50. Nxh5 Nxh5 51. Nc6 f6 52. Nb4 Nf4 53.
Nd5 Nxd5 1/2-1/2

[Event "OLNO 1920 SF Berlin III - SV Empor Berl"]
[Site "?"]
[Date "2019.12.08"]
[Round "4.3"]
[White "Foerster, Jonas"]
[Black "Wintzer, Joachim"]
[Result "1-0"]
[WhiteElo "2267"]
[BlackElo "2280"]
[PlyCount "47"]
[EventDate "2019.??.??"]

1. d4 d5 2. Nf3 e6 3. c4 c6 4. e3 f5 5. h3 Nf6 6. g4 g6 7. Nc3 Bd6 8. gxf5 exf5
9. Qb3 dxc4 10. Bxc4 Qe7 11. Ng5 Rf8 12. Bd2 Nbd7 13. O-O-O Nb6 14. e4 Nxc4 15.
Qxc4 fxe4 16. Rhe1 Kd8 17. Ncxe4 Nxe4 18. Rxe4 Qc7 19. Rde1 Bf5 20. Kd1 Rc8 21.
Bb4 c5 22. dxc5 Bxc5 23. Bxc5 Qxc5 24. Rd4+ 1-0

[Event "OLNO 1920 SF Berlin III - SV Empor Berl"]
[Site "?"]
[Date "2019.12.08"]
[Round "4.4"]
[White "Hoffmann, Udo"]
[Black "Urban, Julian"]
[Result "1-0"]
[WhiteElo "2319"]
[BlackElo "2243"]
[PlyCount "101"]
[EventDate "2019.??.??"]

1. e4 Nc6 2. Nc3 Nf6 3. d4 d6 4. d5 Nb8 5. Nf3 g6 6. Be3 Bg7 7. Qd2 O-O 8. Bh6
c6 9. a4 Qb6 10. Bxg7 Kxg7 11. Nd4 a5 12. Bc4 Qb4 13. b3 Nbd7 14. dxc6 Ne5 15.
Bb5 bxc6 16. Nxc6 Nxc6 17. Bxc6 Bb7 18. Bxb7 Qxb7 19. Qd3 Rfc8 20. O-O-O Rab8
21. f3 Qb4 22. Kb2 Rc5 23. Nb5 Rcc8 24. g4 Kg8 25. h4 Nd7 26. Qd4 Rxb5 27. axb5
Qxb5 28. h5 g5 29. Qd5 Qe2 30. Qxg5+ Kh8 31. Qd2 Qxf3 32. Qxa5 Qxe4 33. Qd2 Ne5
34. g5 Nf3 35. Qd3 Qe5+ 36. c3 Nxg5 37. Rde1 Qg7 38. h6 Qf8 39. Qf5 Rc5 40. Qd7
Ne6 41. Ref1 Re5 42. Rh2 Nc5 43. Qg4 f5 44. Qg2 Nd3+ 45. Kb1 Nc5 46. Rg1 Ne6
47. Qf3 f4 48. Rhg2 Qb8 49. Qb7 Re1+ 50. Kc2 Re2+ 51. Kd1 1-0

[Event "OLNO 1920 SF Berlin III - SV Empor Berl"]
[Site "?"]
[Date "2019.12.08"]
[Round "4.5"]
[White "Sulayev, Daniel"]
[Black "Brettschneider, Stefan"]
[Result "0-1"]
[WhiteElo "2169"]
[BlackElo "2270"]
[PlyCount "70"]
[EventDate "2019.??.??"]

1. b3 e5 2. Bb2 d6 3. e3 g6 4. f4 Bg7 5. Nf3 Nd7 6. Bc4 Nh6 7. O-O O-O 8. fxe5
Nxe5 9. Nxe5 dxe5 10. e4 Qd6 11. Kh1 Rd8 12. Qf3 Be6 13. Na3 c6 14. Bxe6 Qxe6
15. d3 b5 16. Rad1 Rd7 17. c3 Rad8 18. Nc2 f6 19. d4 Nf7 20. Bc1 a5 21. Be3
exd4 22. Nxd4 Qe8 23. Bf4 c5 24. Nc2 Rxd1 25. Rxd1 Rxd1+ 26. Qxd1 Qxe4 27. Bc7
a4 28. Na3 axb3 29. axb3 c4 30. bxc4 bxc4 31. h3 Bf8 32. Qa4 Bc5 33. Nc2 Qd3
34. Ba5 Qf1+ 35. Kh2 Bg1+ 0-1

[Event "OLNO 1920 SF Berlin III - SV Empor Berl"]
[Site "?"]
[Date "2019.12.08"]
[Round "4.6"]
[White "Noetzel, Felix"]
[Black "Meissner, Hans-Juergen"]
[Result "1-0"]
[WhiteElo "2258"]
[BlackElo "2207"]
[PlyCount "49"]
[EventDate "2019.??.??"]

1. e4 c5 2. Nf3 d6 3. d4 cxd4 4. Nxd4 Nf6 5. Nc3 e6 6. Be3 Be7 7. f3 Nc6 8. Qd2
O-O 9. O-O-O a6 10. g4 Nxd4 11. Bxd4 b5 12. g5 Nd7 13. h4 b4 14. Ne2 Qa5 15.
Kb1 Ne5 16. f4 Nf3 17. Qe3 Nxd4 18. Nxd4 Qc5 19. Qg3 Re8 20. h5 e5 21. Nf5 exf4
22. Qxf4 Be6 23. h6 Rac8 24. Bd3 g6 25. Nxe7+ 1-0

[Event "OLNO 1920 SF Berlin III - SV Empor Berl"]
[Site "?"]
[Date "2019.12.08"]
[Round "4.7"]
[White "Jahn, Thomas"]
[Black "Van Hasselt, Frank"]
[Result "0-1"]
[WhiteElo "2221"]
[BlackElo "2244"]
[PlyCount "162"]
[EventDate "2019.??.??"]

1. e4 d6 2. d4 Nf6 3. Nc3 c6 4. Bg5 Nbd7 5. f4 Qa5 6. Qd2 e5 7. Nf3 Be7 8. Bd3
h6 9. Bh4 exd4 10. Nxd4 Nxe4 11. Bxe4 Bxh4+ 12. g3 Bf6 13. Nb3 Qc7 14. O-O-O
Bxc3 15. Qxc3 Nf6 16. Bf3 O-O 17. Kb1 a5 18. g4 Nxg4 19. h3 Nf2 20. Rdg1 f5 21.
Rh2 Ne4 22. Qe1 Be6 23. Nd4 Rae8 24. Rhg2 Bc8 25. Qh4 Kh8 26. Rg6 Qe7 27. Qe1
Rf6 28. Rxg7 Qxg7 29. Rxg7 Kxg7 30. Bh5 Re7 31. Qxa5 Ng3 32. Bd1 c5 33. Nf3
Rfe6 34. a4 Kh7 35. c3 Bd7 36. Bb3 Re3 37. Qd8 Rg7 38. Nh4 Be6 39. Bxe6 Rxe6
40. Qf8 Ree7 41. Qf6 Rd7 42. Nxf5 Rg6 43. Qf8 Nxf5 44. Qxf5 Re7 45. h4 Kg7 46.
Qd5 Rf6 47. a5 Ref7 48. Ka2 Kh7 49. Ka3 Kg7 50. h5 Rf5 51. Qg2+ Kf8 52. Qg6
R5f6 53. Qd3 Ke7 54. Qd5 Kd8 55. b4 cxb4+ 56. cxb4 Kc7 57. Qc4+ Kb8 58. Qd5 Ka7
59. Qd4+ Ka8 60. Ka4 Rf8 61. Qd5 Kb8 62. f5 R8f7 63. Qd4 Kc8 64. Qb6 Rd7 65. b5
Rxf5 66. Qd4 Rf8 67. a6 Kb8 68. Ka5 d5 69. Qb6 d4 70. axb7 Rfd8 71. Qxh6 d3 72.
Qd2 Kxb7 73. h6 Rd4 74. Qg2+ R4d5 75. Qd2 R8d7 76. Kb4 Kb6 77. Qe3+ Rd4+ 78.
Kc3 d2 79. Qe6+ R7d6 80. Qc8 Rd3+ 81. Kc2 d1=Q+ 0-1

[Event "OLNO 1920 SF Berlin III - SV Empor Berl"]
[Site "?"]
[Date "2019.12.08"]
[Round "4.8"]
[White "Weber, Daniel"]
[Black "Silz, Elisa"]
[Result "1-0"]
[WhiteElo "2072"]
[BlackElo "2062"]
[PlyCount "161"]
[EventDate "2019.??.??"]

1. d4 Nf6 2. c4 g6 3. Nc3 Bg7 4. e4 d6 5. Be2 O-O 6. Nf3 e5 7. O-O Nc6 8. d5
Ne7 9. Ne1 Nd7 10. Be3 f5 11. f3 f4 12. Bf2 g5 13. Nd3 Ng6 14. c5 Nf6 15. a4
Rf7 16. cxd6 cxd6 17. a5 h5 18. Nb5 g4 19. Nxa7 g3 20. Bb6 gxh2+ 21. Kh1 Qf8
22. Nxc8 Rxc8 23. Nf2 Nd7 24. Qb3 Bf6 25. Rfc1 Nxb6 26. Qxb6 Rxc1+ 27. Rxc1 Bd8
28. Qb4 Nh4 29. Bf1 Kh7 30. Nd3 Qe7 31. Ne1 Rg7 32. Qd2 Qg5 33. b4 Ng6 34. Nd3
Qg3 35. Qf2 h4 36. Qxg3 fxg3 37. Rc8 Bg5 38. b5 Bd2 39. a6 bxa6 40. bxa6 Be3
41. Rc6 Rd7 42. Rc2 Kh6 43. Nb4 h3 44. Nc6 Nf4 45. gxh3 Rg7 46. Ra2 g2+ 47.
Bxg2 Bg1 48. Bf1 Nh5 49. Rxh2 Bc5 50. Rg2 Ng3+ 51. Rxg3 Rxg3 52. a7 Rg1+ 53.
Kh2 Bxa7 54. Nxa7 Rxf1 55. Kg2 Ra1 56. Nc8 Ra6 57. Kg3 Kg5 58. h4+ Kh5 59. Kh3
Ra3 60. Kg3 Ra6 61. Ne7 Ra8 62. Nf5 Ra6 63. Kh3 Ra3 64. Ng3+ Kg6 65. Kg4 Kf6
66. Nf5 Ra6 67. h5 Rb6 68. h6 Kg6 69. h7 Kxh7 70. Kg5 Rb3 71. Kf6 Rxf3 72. Ke6
Kg8 73. Nxd6 Kf8 74. Nb7 Rf7 75. Nc5 Re7+ 76. Kf6 Ke8 77. d6 Ra7 78. Kxe5 Rh7
79. Kd5 Rh5+ 80. Kc6 Rh6 81. Kc7 1-0

[Event "OLNO 1920 Greifswalder SV - SC Weisse D"]
[Site "?"]
[Date "2019.12.08"]
[Round "4.1"]
[White "Moeller, Hendrik"]
[Black "Leisner, Hannes"]
[Result "1/2-1/2"]
[WhiteElo "2266"]
[BlackElo "2238"]
[PlyCount "133"]
[EventDate "2019.??.??"]

1. c4 Nf6 2. g3 d5 3. cxd5 Nxd5 4. Bg2 Nb6 5. Nc3 g6 6. Nf3 Bg7 7. O-O O-O 8.
d3 Nc6 9. Bg5 h6 10. Be3 Re8 11. Qd2 Kh7 12. Rac1 e5 13. b3 Nd4 14. Ne4 c6 15.
Rfe1 Qe7 16. Nxd4 exd4 17. Bf4 Rd8 18. Qc2 Nd5 19. Bd2 b6 20. f4 c5 21. a3 f5
22. Nf2 Bb7 23. Nd1 Rd6 24. Bf3 g5 25. fxg5 hxg5 26. b4 cxb4 27. axb4 Rc8 28.
Qb2 Re8 29. Qb3 g4 30. Bg2 Bh6 31. Bxh6 Kxh6 32. Qb2 Ne3 33. Bxb7 Qxb7 34. Nxe3
Rxe3 35. Rf1 Kg6 36. Rf2 Qd5 37. Qc2 Rde6 38. Rcf1 R3e5 39. Qc8 Re8 40. Qc2 Qe6
41. Qb2 Rxe2 42. Rxe2 Qxe2 43. Qxd4 Qe3+ 44. Qxe3 Rxe3 45. Rd1 Re2 46. Ra1 Re7
47. Kf2 Rh7 48. Rh1 a5 49. bxa5 bxa5 50. Ke3 a4 51. Kd4 Kf6 52. Kc4 Ra7 53. Re1
a3 54. Kb3 a2 55. Kb2 Ra5 56. d4 Ra4 57. Rd1 Ke6 58. Ka1 Kd5 59. Rf1 Rxd4 60.
Rxf5+ Ke4 61. Rh5 Rd2 62. h3 gxh3 63. Rxh3 Kf3 64. g4+ Kxg4 65. Ra3 Re2 66.
Rxa2 Rxa2+ 67. Kxa2 1/2-1/2

[Event "OLNO 1920 Greifswalder SV - SC Weisse D"]
[Site "?"]
[Date "2019.12.08"]
[Round "4.2"]
[White "Stubbe, Wilko"]
[Black "Waldmann, Hans-Joachim"]
[Result "0-1"]
[WhiteElo "2212"]
[BlackElo "2281"]
[PlyCount "152"]
[EventDate "2019.??.??"]

1. Nf3 Nf6 2. g3 g6 3. Bg2 Bg7 4. O-O O-O 5. d3 d6 6. Nbd2 c5 7. c3 Nc6 8. e4
Qc7 9. Re1 Rb8 10. Nf1 b5 11. Bg5 h6 12. Bxf6 Bxf6 13. Ne3 Bg7 14. Qd2 Kh7 15.
h4 b4 16. c4 e6 17. h5 g5 18. Nh2 Bd4 19. Nf3 Bd7 20. Re2 f6 21. Rf1 Be8 22. g4
Be5 23. Ree1 Rb6 24. Rc1 Ra6 25. b3 Bd7 26. Rfd1 Rb8 27. Rc2 Ra3 28. d4 Nxd4
29. Nxd4 Bxd4 30. e5 Be8 31. Qd3+ Kh8 32. exf6 Qf7 33. Re2 Be5 34. Nf1 Qxf6 35.
Ng3 Ra6 36. Rde1 Qg7 37. Ne4 Bd4 38. Ng3 Be5 39. Ne4 Bd4 40. Nd2 e5 41. Nf3 Bd7
42. Nxd4 cxd4 43. Rc2 Ra5 44. c5 Rxc5 45. Rxc5 dxc5 46. Qc4 Bxg4 47. Qxc5 Re8
48. Bc6 Qc7 49. Rc1 Rd8 50. Qxb4 Qd6 51. Qb7 d3 52. Be4 Rd7 53. Qa8+ Kg7 54.
Rc8 Be6 55. Rc6 Qe7 56. Qb8 Bf7 57. Rxh6 Rd8 58. Rh7+ Kg8 59. Rxf7 Kxf7 60. Qb5
d2 61. Bd5+ Kg7 62. Qd3 Qf6 63. Qxd2 Qf4 64. h6+ Kxh6 65. Qd3 Qg4+ 66. Kf1 Qd7
67. Qa6+ Qd6 68. Qxd6+ Rxd6 69. Bc4 Rd2 70. a4 a5 71. Kg2 g4 72. Kg3 Kg5 73. f3
Rc2 74. Be6 Rc3 75. Bxg4 Rxb3 76. Be6 Ra3 0-1

[Event "OLNO 1920 Greifswalder SV - SC Weisse D"]
[Site "?"]
[Date "2019.12.08"]
[Round "4.3"]
[White "Venske, Kai-Gerrit"]
[Black "Fromm, Marius"]
[Result "0-1"]
[WhiteElo "2166"]
[BlackElo "2196"]
[PlyCount "88"]
[EventDate "2019.??.??"]

1. e4 e5 2. Nf3 Nc6 3. Bc4 Bc5 4. b4 Bxb4 5. c3 Be7 6. Qb3 Nh6 7. d4 Na5 8. Qb5
Nxc4 9. Bxh6 Nd6 10. Qxe5 Nxe4 11. Bxg7 Rg8 12. Qxe4 Rxg7 13. O-O d6 14. Re1
Kf8 15. Kh1 c6 16. Nbd2 Be6 17. Nf1 Qa5 18. Ng3 Re8 19. c4 Kg8 20. h3 Rg6 21.
Qf4 Rf6 22. Qe4 Bxc4 23. Qg4+ Rg6 24. Qd7 Kf8 25. Qxb7 Qb6 26. Rab1 Qxb7 27.
Rxb7 Bxa2 28. Ra1 Bd5 29. Raxa7 Rf6 30. Nh5 Rxf3 31. gxf3 Bxf3+ 32. Kh2 Bxh5
33. Kg3 Bf6 34. Ra5 Bg6 35. Ra6 Bxd4 36. Rb4 c5 37. Rb7 Kg7 38. Rc7 Re2 39. f3
Bf2+ 40. Kf4 Rd2 41. Ra4 Bc2 42. Rc4 d5 43. Rd7 Be3+ 44. Kxe3 Rd3+ 0-1

[Event "OLNO 1920 Greifswalder SV - SC Weisse D"]
[Site "?"]
[Date "2019.12.08"]
[Round "4.4"]
[White "Weber, Max"]
[Black "Uhl, Heinz"]
[Result "1/2-1/2"]
[WhiteElo "2251"]
[BlackElo "2141"]
[PlyCount "125"]
[EventDate "2019.??.??"]

1. Nf3 c5 2. c4 Nf6 3. g3 d5 4. cxd5 Nxd5 5. Nc3 Nc7 6. Bg2 Nc6 7. O-O e5 8. a3
Be7 9. b4 O-O 10. b5 Nd4 11. Nxe5 Bf6 12. f4 Ndxb5 13. Nxb5 Nxb5 14. Rb1 a6 15.
a4 Bf5 16. Rb2 Nd6 17. d3 Rc8 18. Rc2 Be6 19. Rc3 b5 20. Be3 c4 21. dxc4 Nxc4
22. Rd3 Qa5 23. Bd4 Nxe5 24. fxe5 Bg5 25. Qa1 Bc4 26. axb5 Qxa1 27. Rxa1 Bxd3
28. bxa6 Bxa6 29. Rxa6 Rfd8 30. Rd6 Be7 31. Rxd8+ Bxd8 32. Kf2 Be7 33. h4 Bc5
34. e3 Kf8 35. Be4 Rc7 36. Kf3 h6 37. Bf5 Ke7 38. h5 Bb4 39. Ke4 Rc6 40. Kd5
Rc1 41. Ke4 Rg1 42. Kf3 Ba3 43. Kf2 Rc1 44. Kf3 Bb4 45. Ke4 Rc2 46. Kf3 Ra2 47.
g4 Ra5 48. Kg3 Bc5 49. Kf3 Ba7 50. Ke4 Bb8 51. Bc3 Rb5 52. Bd4 Bc7 53. Bc3 Rb6
54. Bd4 Ra6 55. Bc5+ Kd8 56. Kd5 g6 57. hxg6 fxg6 58. Bd3 Ra5 59. Kc6 Rxc5+ 60.
Kxc5 g5 61. Kd5 Ke7 62. Ke4 Bb6 63. Bc4 {(=)} 1/2-1/2

[Event "OLNO 1920 Greifswalder SV - SC Weisse D"]
[Site "?"]
[Date "2019.12.08"]
[Round "4.5"]
[White "Abraham, Ingo"]
[Black "Lange, Jannis"]
[Result "1-0"]
[WhiteElo "2210"]
[BlackElo "2054"]
[PlyCount "73"]
[EventDate "2019.??.??"]

1. c4 Nf6 2. Nf3 g6 3. Nc3 d5 4. cxd5 Nxd5 5. Qb3 Nb6 6. d4 Bg7 7. Bf4 Be6 8.
Qc2 Nc6 9. e3 Nb4 10. Qd1 O-O 11. Be2 c5 12. O-O cxd4 13. Nxd4 Bd5 14. Nxd5
N4xd5 15. Bg5 Qd6 16. Qb3 a5 17. a3 a4 18. Qa2 Ra5 19. Rfd1 Qe5 20. Bh4 h5 21.
Rac1 Bh6 22. Bg3 Qf6 23. Nf3 g5 24. Be5 Qe6 25. Bd4 g4 26. Nd2 Nf4 27. Qxe6
Nxe2+ 28. Kf1 fxe6 29. Kxe2 Nd5 30. Ne4 e5 31. Bc5 Rd8 32. Bxe7 Re8 33. Rxd5
Rxd5 34. Nf6+ Kf7 35. Nxd5 Rxe7 36. Nxe7 Kxe7 37. Rc7+ 1-0

[Event "OLNO 1920 Greifswalder SV - SC Weisse D"]
[Site "?"]
[Date "2019.12.08"]
[Round "4.6"]
[White "Kuersten, Ruediger"]
[Black "Kaiser, Martin"]
[Result "1-0"]
[WhiteElo "2175"]
[BlackElo "2148"]
[PlyCount "53"]
[EventDate "2019.??.??"]

1. d4 Nf6 2. Nf3 d5 3. c4 e6 4. e3 Be7 5. Nc3 O-O 6. Bd3 dxc4 7. Bxc4 c5 8. O-O
cxd4 9. Nxd4 a6 10. a4 e5 11. Nb3 Qc7 12. Nd5 Nxd5 13. Bxd5 Nd7 14. Bd2 Nf6 15.
Ba5 Qd6 16. Bf3 e4 17. Qxd6 Bxd6 18. Be2 Be5 19. Nd4 Bxd4 20. exd4 Nd5 21. Bc4
Be6 22. Rfe1 Rac8 23. b3 f5 24. f3 b5 25. axb5 axb5 26. Bxb5 Nc3 27. Ba6 1-0

[Event "OLNO 1920 Greifswalder SV - SC Weisse D"]
[Site "?"]
[Date "2019.12.08"]
[Round "4.8"]
[White "Sowada, Christoph"]
[Black "Gelman, Josef"]
[Result "0-1"]
[WhiteElo "1952"]
[BlackElo "1992"]
[PlyCount "106"]
[EventDate "2019.??.??"]

1. e4 e6 2. d4 d5 3. Nd2 Nf6 4. e5 Nfd7 5. Bd3 c5 6. c3 Nc6 7. Ngf3 cxd4 8.
cxd4 Qb6 9. O-O Nxd4 10. Nxd4 Qxd4 11. Nf3 Qb6 12. Qa4 Qb4 13. Qc2 a6 14. Be3
Nc5 15. a3 Qb3 16. Bxh7 Qxc2 17. Bxc2 Bd7 18. Rac1 Be7 19. b4 Na4 20. Bd3 Nb2
21. Be2 Nc4 22. Rc3 Bb5 23. Nd4 O-O 24. f4 Nxe3 25. Rxe3 Bxe2 26. Nxe2 a5 27.
Rb3 axb4 28. axb4 Ra4 29. Rfb1 Rc8 30. Nc3 Raa8 31. Ne2 Rc4 32. Kf2 Ra2 33.
R1b2 Rxb2 34. Rxb2 Bxb4 35. Ke3 Bc5+ 36. Kd3 b6 37. Ra2 b5 38. Ra8+ Kh7 39. Rb8
b4 40. g3 Re4 41. Rb5 Rc4 42. Rb8 f6 43. exf6 gxf6 44. h3 e5 45. f5 e4+ 46. Kd2
d4 47. Nf4 d3 48. Nd5 Rc2+ 49. Kd1 e3 50. Nxf6+ Kg7 51. Nh5+ Kf7 52. Rb7+ Be7
53. f6 e2+ 0-1

[Event "OLNO 1920 SC Kreuzberg - SK König Tege"]
[Site "?"]
[Date "2019.12.08"]
[Round "4.2"]
[White "Muse, Drazen"]
[Black "Giemsa, Stephan"]
[Result "1/2-1/2"]
[WhiteElo "2345"]
[BlackElo "2307"]
[PlyCount "47"]
[EventDate "2019.??.??"]

1. Nf3 d5 2. b3 c5 3. e3 Nc6 4. Bb2 Nf6 5. Bb5 Bd7 6. O-O e6 7. Bxc6 Bxc6 8.
Ne5 Rc8 9. d3 Bd6 10. f4 O-O 11. Nxc6 Rxc6 12. Nd2 b5 13. a4 a6 14. axb5 axb5
15. Qf3 Rc8 16. Ra6 Be7 17. f5 exf5 18. Qxf5 d4 19. e4 g6 20. Qf3 Nd7 21. Qe2
Ne5 22. Nf3 Nxf3+ 23. Qxf3 Bg5 24. Bc1 1/2-1/2

[Event "OLNO 1920 SC Kreuzberg - SK König Tege"]
[Site "?"]
[Date "2019.12.08"]
[Round "4.3"]
[White "Anibar, Ahmed"]
[Black "Maetzkow, Maximilian Paul"]
[Result "1-0"]
[WhiteElo "2268"]
[BlackElo "2237"]
[PlyCount "81"]
[EventDate "2019.??.??"]

1. e4 c5 2. Nf3 d6 3. Bb5+ Bd7 4. Bxd7+ Qxd7 5. O-O Nf6 6. Qe2 e6 7. Rd1 Nc6 8.
d4 cxd4 9. Nxd4 Be7 10. c4 O-O 11. Nc3 Nxd4 12. Rxd4 Qc6 13. Bg5 Rfc8 14. Rad1
e5 15. R4d3 Qxc4 16. Bxf6 Bxf6 17. Nd5 Bd8 18. b3 Qc2 19. Qg4 g6 20. R3d2 Qc6
21. g3 Kg7 22. h4 h5 23. Qf3 Qe8 24. Kg2 a5 25. a4 Ra6 26. Ne3 Be7 27. Nc4 b5
28. axb5 Qxb5 29. Rd5 Qb4 30. Qd3 Rcc6 31. Ne3 Rab6 32. Nc4 Ra6 33. Ne3 Qc3 34.
Qxc3 Rxc3 35. Rb5 Bf8 36. Nd5 Rc2 37. Ra1 Rb2 38. Rc1 a4 39. bxa4 Rd2 40. Rc7
Rxa4 41. Rbb7 1-0

[Event "OLNO 1920 SC Kreuzberg - SK König Tege"]
[Site "?"]
[Date "2019.12.08"]
[Round "4.4"]
[White "Lerch, Philipp"]
[Black "Jahnz, Fabian"]
[Result "0-1"]
[WhiteElo "2322"]
[BlackElo "2230"]
[PlyCount "48"]
[EventDate "2019.??.??"]

1. d4 d5 2. Nc3 Nf6 3. Bf4 c5 4. e3 a6 5. Nf3 Nc6 6. a3 cxd4 7. exd4 Bf5 8. Bd3
Bxd3 9. Qxd3 e6 10. O-O Be7 11. Ne5 Rc8 12. Nxc6 Rxc6 13. Be5 O-O 14. Ne2 Nd7
15. Bg3 Qb6 16. c3 Qb3 17. Qd2 Nb6 18. Nc1 Qb5 19. b3 a5 20. a4 Qa6 21. Nd3
Rfc8 22. Rfc1 Nd7 23. b4 axb4 24. cxb4 Qxd3 0-1

[Event "OLNO 1920 SC Kreuzberg - SK König Tege"]
[Site "?"]
[Date "2019.12.08"]
[Round "4.5"]
[White "Dimitrijeski, Kristian"]
[Black "Moritz, Aron"]
[Result "1/2-1/2"]
[WhiteElo "2135"]
[BlackElo "2209"]
[PlyCount "61"]
[EventDate "2019.??.??"]

1. d4 Nf6 2. c4 g6 3. Nc3 Bg7 4. e4 d6 5. Nf3 O-O 6. Be2 Na6 7. O-O e5 8. d5
Nc5 9. Qc2 a5 10. Bg5 h6 11. Be3 b6 12. Nd2 Bg4 13. f3 Bd7 14. b3 Ne8 15. a3 f5
16. b4 Na6 17. bxa5 Nc5 18. axb6 cxb6 19. Rfb1 Ra6 20. Nb3 Qa8 21. Nxc5 bxc5
22. Qb3 Nf6 23. Bd3 f4 24. Bf2 g5 25. Be2 h5 26. Qb7 Rxa3 27. Rxa3 Qxa3 28. Nb5
Qa2 29. Nc3 Qa3 30. Nb5 Qa2 31. Nc3 1/2-1/2

[Event "OLNO 1920 SC Kreuzberg - SK König Tege"]
[Site "?"]
[Date "2019.12.08"]
[Round "4.6"]
[White "Lehmann, Klaus"]
[Black "Niehaus, Frank"]
[Result "1/2-1/2"]
[WhiteElo "2246"]
[BlackElo "2093"]
[PlyCount "92"]
[EventDate "2019.??.??"]

1. Nf3 Nf6 2. e3 g6 3. b3 Bg7 4. Bb2 O-O 5. Be2 d6 6. d4 e5 7. O-O exd4 8. Nxd4
Ne4 9. Qc1 Qe7 10. c4 Nd7 11. Nb5 Bxb2 12. Qxb2 c6 13. N5c3 Ndf6 14. Nxe4 Nxe4
15. Nd2 Nc5 16. b4 Ne6 17. Rfe1 a5 18. a3 axb4 19. axb4 Rxa1 20. Qxa1 d5 21.
Qb2 Rd8 22. Nf3 dxc4 23. Bxc4 Nc7 24. Ra1 Be6 25. Bxe6 Nxe6 26. h4 Ng7 27. g3
Nf5 28. Qb3 h6 29. Qc4 Qf6 30. Rf1 Nd6 31. Qe2 Qc3 32. Rb1 Nb5 33. Qb2 Qxb2 34.
Rxb2 Rd1+ 35. Kg2 Kf8 36. Ne5 Ke7 37. Kf3 Nd6 38. Ke2 Ra1 39. Nd3 Kd7 40. Rc2
Kc7 41. Ne5 Rb1 42. Nd3 Ra1 43. Ne5 Rb1 44. Nd3 Ra1 45. Rb2 Nc4 46. Rc2 Nd6
1/2-1/2

[Event "OLNO 1920 SC Kreuzberg - SK König Tege"]
[Site "?"]
[Date "2019.12.08"]
[Round "4.8"]
[White "Holzapfel, Daniel"]
[Black "Roth, Josef"]
[Result "1-0"]
[WhiteElo "2241"]
[BlackElo "1998"]
[PlyCount "47"]
[EventDate "2019.??.??"]

1. d4 Nf6 2. Nf3 g6 3. c4 Bg7 4. Nc3 d5 5. e3 O-O 6. b4 b6 7. Rb1 Bb7 8. Be2
Ne4 9. Bb2 Nxc3 10. Bxc3 Nd7 11. O-O c6 12. a4 Qc7 13. Qb3 Rab8 14. Rfc1 Qd6
15. cxd5 cxd5 16. b5 Rfc8 17. Bb4 Qf6 18. Qa3 Bf8 19. Rxc8 Rxc8 20. Rc1 Rxc1+
21. Qxc1 Qf5 22. Qc7 Qb1+ 23. Bf1 Qxb4 24. Qxd7 1-0

[Event "OLNO 1920 SC Rotation Pankow - SC Zitad"]
[Site "?"]
[Date "2019.12.08"]
[Round "4.1"]
[White "Cremer, Jan Paul"]
[Black "Rietze, Clemens"]
[Result "1/2-1/2"]
[WhiteElo "2220"]
[BlackElo "2265"]
[PlyCount "54"]
[EventDate "2019.??.??"]

1. e4 e5 2. Nf3 Nc6 3. d4 exd4 4. Nxd4 Nf6 5. Nxc6 bxc6 6. Bd3 d6 7. O-O g6 8.
Nc3 Bg7 9. Bg5 h6 10. Bh4 g5 11. Bg3 Ng4 12. h3 Ne5 13. Rb1 h5 14. f4 gxf4 15.
Bxf4 Qh4 16. Qd2 Bf6 17. Qe1 Qxe1 18. Rbxe1 Be6 19. Bd2 Bh4 20. Rd1 Ke7 21. Ne2
Rag8 22. Nf4 Bf6 23. Bc3 Nd7 24. Bxf6+ Nxf6 25. e5 dxe5 26. Nxe6 fxe6 27. Rfe1
Nd7 1/2-1/2